|
|
|
|
| LEADER |
00000aam a2200000 a 4500 |
| 001 |
vtls009512136 |
| 003 |
SK-MaSNL |
| 005 |
20260301171258.0 |
| 008 |
090513s1952 ru of f 000 0 slo |
| 040 |
|
|
|a SNK
|b slo
|c SNK
|e AACR2
|
| 043 |
|
|
|a e-ur---
|
| 072 |
|
7 |
|a 630
|x Lesníctvo
|2 konspekt
|
| 080 |
|
|
|a 630.31
|2 2001
|
| 080 |
|
|
|a (47+57)
|2 2011
|
| 245 |
0 |
0 |
|a Mechanisace těžby dřeva v SSSR
|c podle sovětských pramenů sestavil Karel Matyáš
|
| 250 |
|
|
|a 1. vyd.
|
| 260 |
|
|
|a Praha
|b Průmyslové vydavatelství
|c 1952
|
| 300 |
|
|
|a 280 s.
|b fotogr., obr.
|
| 490 |
1 |
|
|a Knižnice dřevařského průmyslu
|v sv. 27
|
| 650 |
0 |
7 |
|a ťažba dreva
|2 SNKPH
|9 16648
|
| 651 |
|
7 |
|a Sovietsky zväz
|2 SNKPH
|9 22126
|
| 700 |
1 |
|
|a Matyáš, Karel,
|d 1895-1979
|4 com
|9 234096
|
| 830 |
|
0 |
|a Knižnice dřevařského průmyslu
|9 422757
|
| 852 |
|
|
|a Štátna vedecká knižnica v Banskej Bystrici
|
| 999 |
|
|
|c 830326
|d 832256
|
| 952 |
|
|
|a SNK
|b SNK
|y VYP
|7 0
|p 17A0616993
|o snkID 7603/27
|i snk5245/52
|3 rekatalogizácia
|0 0
|1 0
|4 0
|d 2009-05-13
|l 0
|r 2026-02-24 03:35:52
|w 2026-02-24
|